[Event "Stay Safe Play From Home 194"]
[Site "T#646519Emanuel Laske"]
[Date "2020.06.02"]
[Round "5"]
[White "SoulofWolf"]
[Black "Broken sword"]
[Result "0-1"]
[WhiteElo "2211"]
[BlackElo "2542"]
[Annotator "TA"]
[PlyCount "136"]
[EventDate "2020.06.02"]
[EventType "swiss (blitz)"]

{[%evp 9,136,9,13,0,10,-1,1,-19,21,-5,0,-4,0,-14,7,-22,0,-19,0,-56,-21,-50,-45,-78,-15,-42,-22,-38,-11,-49,-30,-71,-24,-58,-29,-212,-31,-72,-38,-194,-22,-163,-50,-100,-41,-83,-27,-93,20,18,46,51,77,60,65,42,58,57,137,136,117,2,7,8,8,0,241,4,291,55,84,27,50,25,18,0,0,-66,0,-21,14,16,93,90,95,91,170,160,985,1017,1018,1012,987,987,920,597,568,170,492,373,484,395,574,326,639,570,680,613,604,580,556,496,493,479,470,456,508,499,813,808,809,802,789,775,685,648,640,555,1696]} 1. Nf3 d5 2. c4 c6 3. e3 Nf6 4. Be2 Bf5 5. O-O e6 6. d4 {A11: English Opening: 1...c6.} Nbd7 7. a3 {[#]} Bd6 $146 ({Predecessor:} 7... Be7 8. b4 O-O 9. Bb2 Ne4 10. Nbd2 Bf6 11. c5 b6 12. Rc1 Rb8 13. Nxe4 Bxe4 {1-0 (49) Ginovart,C (1567)-Dionisi,M (1390) Rouen 2016}) 8. b4 {The position is equal.} Rc8 9. Nc3 O-O 10. Bb2 h6 11. Rc1 Bb8 12. Bd3 Qe7 13. Bxf5 exf5 14. Ne2 (14. c5 $11) 14... Ne4 15. Ng3 g6 16. Re1 Qd6 (16... Bxg3 $17 17. hxg3 dxc4) 17. Nf1 Rfe8 18. Qc2 Qe6 19. Qb3 Ndf6 20. Rc2 Ng4 21. h3 Ngf6 22. Rce2 $2 (22. Ne5 $11) 22... Rcd8 $2 (22... dxc4 $19 23. Qc2 Nd5 24. Qxc4 Ndc3 {[%mdl 64] Discovered Attack} 25. Qxe6 Nxe2+ 26. Rxe2 Rxe6) 23. Rc2 Nd7 24. a4 $2 ({Better is} 24. N1d2 $15) 24... Bd6 $2 (24... dxc4 $1 $19 25. Qxc4 Qxc4 26. Rxc4 Nb6) 25. Ba3 (25. c5 $11 Bc7 26. Ree2) 25... a6 (25... dxc4 $19 26. Qxc4 Qxc4 27. Rxc4 a5 $1 {[%mdl 512]}) 26. a5 g5 (26... dxc4 $17 27. Qxc4 Qxc4 28. Rxc4 Be7) 27. Bb2 Bb8 (27... g4 $17 28. cxd5 cxd5 29. hxg4 fxg4) 28. N3d2 (28. cxd5 $11 Qxd5 29. Qxd5 cxd5 30. Ne5) 28... Qd6 (28... Ndf6 $17) 29. Nxe4 $11 fxe4 30. cxd5 cxd5 31. Rec1 Nf6 32. Ba3 Qe6 33. b5 h5 ({Black should play} 33... Kh7 $14) 34. bxa6 $16 Qxa6 35. Qb6 ({White should try} 35. Rb2 $16) 35... Qxb6 $1 $11 36. axb6 Kg7 37. Bc5 Rc8 $2 {[#]} (37... Nd7 $11 {and Black stays safe.}) 38. Nd2 $2 ({White has to play} 38. Bf8+ $1 $18 {[%mdl 512]} Rxf8 39. Rxc8) 38... Red8 $2 {[%mdl 8192] [#]} (38... Kg6 $11 {and Black is okay.}) 39. Nb3 $2 (39. Bf8+ $1 $18 {[%mdl 512]} Rxf8 40. Rxc8) 39... Rd7 40. Na5 (40. Bb4 $16 Rcd8 41. Ra1) 40... Rcd8 41. Ra1 g4 42. hxg4 Nxg4 43. Rca2 (43. Bb4 $11) 43... Bh2+ (43... f5 $15) 44. Kf1 Bb8 45. Nb3 Nh2+ {[#]} (45... f5 $11 {keeps the balance.}) 46. Ke2 $1 $16 {White leaves nothing to chance now.} Ng4 47. Bb4 $36 {[%mdl 2048] White is really pushing.} f5 (47... Bd6 $16 48. Bc3 Kg6) 48. Nc5 $18 {Black must now prevent Ra7.} Rf7 $2 (48... Re7 $16 49. Ra8 Kf7) 49. Ne6+ {[%mdl 64] Double Attack} Kf6 50. Nxd8 Rd7 51. Nxb7 Rxb7 52. Ra8 Rxb6 53. Bc5 $2 (53. R8a6 Rxa6 54. Rxa6+ Kf7 55. g3) 53... Rb5 $2 (53... Rb2+ 54. Ke1 Nxf2) 54. R1a2 h4 55. R8a6+ Kg5 (55... Kf7 {was worth a try.} 56. Rb6 Rxb6 57. Bxb6 Nf6) 56. R6a5 Rxa5 $2 (56... Rb7 57. Ra6 f4) 57. Rxa5 {[%mdl 4096] Endgame KRB-KBN. White is clearly winning.} Bc7 58. Ra7 Bd8 59. Rg7+ Kh6 60. Rg8 Bf6 61. Rf8 Kg7 62. Rc8 Kg6 63. Rc6 h3 (63... Nh6 $142 64. Rd6 Nf7 65. Rxd5 Ng5) 64. gxh3 Nh6 65. Rd6 Nf7 66. Rxd5 Ng5 67. Rd7 Nxh3 68. Be7 f4 {[%mdl 32768] Accuracy: White = 40%, Black = 34%. . Loss on time!?} 0-1

[Event "Stay Safe Play From Home 194"]
[Site "T#646519Emanuel Laske"]
[Date "2020.06.02"]
[Round "5"]
[White "Lazieri3"]
[Black "Patzeroglu"]
[Result "0-1"]
[WhiteElo "2052"]
[BlackElo "1937"]
[Annotator "TA"]
[PlyCount "88"]
[EventDate "2020.06.02"]
[EventType "swiss (blitz)"]

{[%evp 9,88,-24,-22,-14,-18,-26,-27,-17,-18,-31,-41,-58,-39,-51,-14,-26,-23,-75,-63,-212,-77,-128,-125,-123,-68,-109,-94,-167,-172,-147,-53,-52,40,-37,55,-679,-660,-633,-125,-142,-137,-112,-118,-139,-139,-140,-141,-156,-147,-248,-214,-243,-178,-205,0,0,0,0,0,0,0,0,0,0,0,0,0,0,0,0,0,0,0,0,0,0,0,0,0,0,29975]} 1. e4 c5 2. Nc3 Nf6 3. d3 Nc6 4. Nf3 d5 5. exd5 Nxd5 6. Nxd5 {B29: Sicilian: 2 Nf3 Nf6 (Nimzowitsch Variation).} Qxd5 7. Be2 e5 8. O-O {Black has an edge.} Be7 9. Be3 O-O {[#]} 10. h3 $146 ({Predecessor:} 10. Re1 h6 11. Nd2 Be6 12. Bf3 Qd7 13. Nc4 f6 14. g3 b5 15. Nd2 Rac8 16. a4 {0-1 (40) Cvetko,B (1739)-Cretnik,U (2137) Bled 2017}) 10... b6 11. Nd2 h6 12. Bf3 Qd7 13. Ne4 (13. Bxc6 $11 Qxc6 14. Qf3 Qxf3 15. Nxf3) 13... Bb7 14. c3 ({White should try} 14. g4 $15) 14... Rae8 (14... f5 $19 15. Nd2 f4 16. Bxc5 Bxc5) 15. Ng3 (15. g4 $142) 15... f5 16. Bc1 Bh4 ({Black should play} 16... Rd8 $17 17. Re1 Kh8) 17. Re1 Kh8 18. Ne2 (18. Qa4 $17 {was necessary.} Bf6 19. Nh5) 18... Qf7 $19 {aiming for ...e4.} 19. Ng3 Bxg3 (19... Qc7 $17 {And now ...e4! would win.} 20. Ne2 Rd8) 20. fxg3 $15 e4 (20... Qc7 $15) 21. dxe4 (21. Bh5 $1 $14 g6 22. Bxh6 gxh5 23. Bxf8 Rxf8 24. dxe4) 21... Ne5 (21... fxe4 $15 22. Bh5 Qf2+ 23. Kh2 Rd8) 22. exf5 $2 {[%mdl 8192]} (22. Bh5 $14 g6 23. Bxh6) 22... Nxf3+ $19 23. gxf3 {[#]} Qxf5 $2 (23... Bxf3 $1 $19 {[%mdl 512] is more deadly.} 24. Qd2 (24. Qxf3 Rxe1+) 24... Qxf5 25. Rxe8 Rxe8) 24. Rxe8 Rxe8 25. Bf4 Qxh3 {Threatens to win with ...Ba6.} 26. Qf1 Qh5 27. Re1 Rxe1 28. Qxe1 Qxf3 {[%csl Gb7][%cal Rf3g2]} 29. Qd2 (29. Qf1 $17) 29... Kh7 30. Qc2+ g6 31. Qd2 {White threatens Qd7+ and mate.} g5 $2 (31... Bd5 $19 {Strongly threatening ...g5.} 32. Be5 g5) 32. Qd7+ $11 {The position is equal.} Kg6 {[%csl Gb7][%cal Rf3g2]} 33. Qe8+ Kf5 {[%csl Gb7][%cal Rf3g2]} 34. Qe5+ Kg4 {[%csl Gb7][%cal Rf3g2]} 35. Qe6+ {[%mdl 64] [#] Double Attack} Kh5 {[%csl Gb7][%cal Rf3g2]} 36. Qf7+ Kg4 {[%csl Gb7][%cal Rf3g2][%mdl 64] Pin} 37. Qe6+ Kh5 {[%csl Gb7][%cal Rf3g2]} 38. Qh3+ Kg6 39. Qe6+ Kg7 {[%csl Gb7][%cal Rf3g2]} 40. Qe7+ Kg8 {[%csl Gb7][%cal Rf3g2]} 41. Qe8+ Kg7 {[%csl Gb7][%cal Rf3g2]} 42. Qe7+ Kg6 {[%csl Gb7][%cal Rf3g2]} 43. Qe8+ Kf5 {[%csl Gb7][%cal Rf3g2]} 44. Qd7+ Ke4 $4 {[%mdl 40960] What a bad dream for Black. Accuracy: White = 65%, Black = 51%. . Sensor Board Error (Ke4/e5)?} (44... Kf6 $11 45. Qd6+ Kf5 46. Qd7+ Kg6 47. Qe8+) 0-1

[Event "Stay Safe Play From Home 194"]
[Site "T#646519Emanuel Laske"]
[Date "2020.06.02"]
[Round "5"]
[White "Haxhi Baha"]
[Black "NeatFox"]
[Result "1-0"]
[WhiteElo "1926"]
[BlackElo "1839"]
[Annotator "TA"]
[PlyCount "49"]
[EventDate "2020.06.02"]
[EventType "swiss (blitz)"]

{[%evp 9,48,57,70,35,35,32,57,32,31,-12,-29,-21,86,-151,-139,-145,-145,-246,-248,-279,-98,-213,-160,-265,-11,-91,59,-86,62,-83,800,800,787,790,719,700,754,753,29998,29999,29999]} 1. e4 b6 2. d4 Bb7 3. Bd3 Nf6 4. Qe2 d6 5. Nf3 e6 6. Nc3 {B00: Queen's Fianchetto Defence, Nimzowitsch Defence.} Be7 7. Bd2 Nbd7 8. h3 {[#] White is slightly better.} O-O $146 ({Predecessor:} 8... c5 9. O-O a6 10. a4 cxd4 11. Nxd4 Qc7 12. Rfe1 O-O 13. Bg5 Rfe8 14. Bh4 g6 {½-½ (24) Canonne,A (1967)-Taylor,M (2053) Vale 2015}) 9. g4 c5 10. g5 cxd4 (10... Nh5 $11) 11. gxf6 $2 {[#]} (11. Nxd4 $16 {is forced if you want to stay better.} Ne8 12. h4) 11... dxc3 $17 12. Bxc3 Bxf6 13. Nd4 (13. Bxf6 $17 {was necessary.} Qxf6 14. O-O-O) 13... Nc5 $19 14. O-O-O Nxd3+ $2 (14... Na4 $19 15. Ba6 Nxc3 16. bxc3 Bxa6 17. Qxa6 Rc8) 15. Rxd3 (15. Qxd3 $17 {might work better.} Rc8 16. Rhg1) 15... Rc8 16. Kb1 (16. Qg4 $17) 16... Qc7 $2 (16... Ba6 $19 17. Rhd1 Bxd4 18. Bxd4 Bxd3 19. Qxd3 Qg5) 17. Rg1 (17. Nb5 $11 Qe7 18. Nxd6) 17... Kh8 (17... Ba6 $17 {Threatens to win with ...Bxd4.} 18. Nb5 Qe7 19. Bxf6 Qxf6) 18. Rdg3 (18. Nb5 $14 {keeps the upper hand.} Qe7 19. Bb4 (19. Nxd6 Ba6 $11)) 18... g6 ({Black should try} 18... Qc4 $17 19. Qxc4 Rxc4) 19. h4 (19. Nb5 $14 {was the only good move.} Qe7 20. Bxf6+ (20. Nxa7 Rxc3 21. bxc3 Be5 $15) 20... Qxf6 21. Nxd6 {[%mdl 64] Double Attack}) 19... Bxh4 $2 {[%mdl 8192] This move loses the game for Black.} (19... Bxd4 $17 20. Bxd4+ e5) 20. Nxe6+ $18 Qxc3 21. bxc3 fxe6 22. Rh3 Bf6 23. Rxg6 {White threatens Rxh7+! and mate.} Bxc3 {[#]} 24. Rxh7+ $1 {[%mdl 512]} Kxh7 25. Qh5# {Accuracy: White = 27%, Black = 24%.} 1-0

[Event "Stay Safe Play From Home 194"]
[Site "T#646519Emanuel Laske"]
[Date "2020.06.02"]
[Round "5"]
[White "Lucknow"]
[Black "Trotsky"]
[Result "1-0"]
[WhiteElo "1906"]
[BlackElo "1539"]
[Annotator "TA"]
[PlyCount "25"]
[EventDate "2020.06.02"]
[EventType "swiss (blitz)"]

{[%evp 9,25,2,44,33,46,18,47,15,87,83,198,174,180,154,191,181,1208,1221]} 1. d4 d5 2. c4 e6 3. e3 c5 4. Nf3 Nc6 5. Bd3 Qc7 6. O-O {D30: Queen's Gambit Declined: Systems without Nc3.} Nf6 {[#]} 7. Qe2 $146 ({Predecessor:} 7. cxd5 exd5 8. dxc5 Bxc5 9. Nc3 O-O 10. b3 Bg4 11. Bb2 Rad8 12. Rc1 Qe7 13. Re1 {0-1 (64) Chuprikov,D (2328)-Chernyshov,K (2481) Voronezh 2017}) 7... Bd6 8. Rd1 {White is slightly better.} Ng4 (8... O-O $11 {keeps the balance.}) 9. h3 $16 h5 (9... dxc4 $16 {was called for.} 10. Bxc4 Nf6) 10. cxd5 exd5 11. dxc5 Bh2+ 12. Kh1 {Black must now prevent Nc3.} Qg3 $2 {[#]} (12... Be5 13. Bc2 Bd7) 13. fxg3 {Black did not feel at home in the position after the opening. Accuracy: White = 52%, Black =  8%.} 1-0

[Event "Stay Safe Play From Home 194"]
[Site "T#646519Emanuel Laske"]
[Date "2020.06.02"]
[Round "5"]
[White "Buzaglo"]
[Black "Don59as"]
[Result "0-1"]
[WhiteElo "1885"]
[BlackElo "2113"]
[Annotator "NA RC"]
[PlyCount "86"]
[EventDate "2020.06.02"]
[EventType "swiss (blitz)"]

1. d4 {[%emt 0:00:00]} d5 {[%emt 0:00:01]} 2. Nf3 {[%emt 0:00:00]} e6 {[%emt 0:00:01]} 3. g3 {[%emt 0:00:00]} Nf6 {[%emt 0:00:01]} 4. Bg2 {[%emt 0:00:00]} Be7 {[%emt 0:00:00]} 5. O-O {[%emt 0:00:00]} O-O {[%emt 0:00:00]} 6. Nbd2 {[%emt 0:00:00]} Nbd7 {[%emt 0:00:00]} 7. c4 {[%emt 0:00:00]} c5 {[%emt 0:00:00]} 8. cxd5 {[%emt 0:00:00]} exd5 {[%emt 0:00:01]} 9. dxc5 {[%emt 0:00:00]} Nxc5 {[%emt 0:00:01]} 10. Nb3 {[%emt 0:00:00]} b6 {[%emt 0:00:00]} 11. Nxc5 {[%emt 0:00:01]} bxc5 {[%emt 0:00:00]} 12. Ne5 {[%emt 0:00:01]} Bb7 {[%emt 0:00:01]} 13. b3 {[%emt 0:00:02]} Bd6 {[%emt 0:00:01]} 14. Bb2 {[%emt 0:00:01]} Qc7 {[%emt 0:00:02]} 15. Nf3 {[%emt 0:00:02]} d4 {[%emt 0:00:01]} 16. Rc1 {[%emt 0:00:01]} Rac8 {[%emt 0:00:02]} 17. Nxd4 {[%emt 0:00:01]} Be5 {[%emt 0:00:03]} 18. Nb5 {[%emt 0:00:01]} Qb6 {[%emt 0:00:03]} 19. Bxe5 {[%emt 0:00:01]} Bxg2 {[%emt 0:00:01]} 20. Kxg2 {[%emt 0:00:09]} Ng4 {[%emt 0:00:01]} 21. Bd6 {[%emt 0:00:04]} Rfd8 {[%emt 0:00:03]} 22. a4 {[%emt 0:00:02]} a6 {[%emt 0:00:01]} 23. Bxc5 {[%emt 0:00:06]} Rxc5 {[%emt 0:00:03]} 24. Rxc5 {[%emt 0:00:05]} Rxd1 {[%emt 0:00:02]} 25. Rc8+ {[%emt 0:00:01]} Rd8 {[%emt 0:00:03]} 26. Rxd8+ {[%emt 0:00:04]} Qxd8 {[%emt 0:00:01]} 27. Nc3 {[%emt 0:00:01]} h5 {[%emt 0:00:03]} 28. f3 {[%emt 0:00:01]} Ne5 {[%emt 0:00:01]} 29. Ne4 {[%emt 0:00:01]} Qb6 {[%emt 0:00:02]} 30. Rf2 {[%emt 0:00:01]} Qxb3 {[%emt 0:00:01]} 31. Nc5 {[%emt 0:00:01]} Qc4 {[%emt 0:00:01]} 32. Ne4 {[%emt 0:00:03]} Qxa4 {[%emt 0:00:01]} 33. Nd6 {[%emt 0:00:01]} Qc6 {[%emt 0:00:02]} 34. Ne4 {[%emt 0:00:02]} a5 {[%emt 0:00:01]} 35. h4 {[%emt 0:00:00]} a4 {[%emt 0:00:01]} 36. Nc3 {[%emt 0:00:01]} a3 {[%emt 0:00:01]} 37. Na2 {[%emt 0:00:01]} Qc4 {[%emt 0:00:01]} 38. Nb4 {[%emt 0:00:00]} Qxb4 {[%emt 0:00:01]} 39. f4 {[%emt 0:00:00]} Ng4 {[%emt 0:00:01]} 40. Rf3 {[%emt 0:00:01]} Qe4 {[%emt 0:00:00]} 41. e3 {[%emt 0:00:02]} a2 {[%emt 0:00:01]} 42. Kh3 {[%emt 0:00:01]} a1=Q {[%emt 0:00:00]} 43. f5 {[%emt 0:00:00]} Qh1# {[%emt 0:00:01] (Lag: Av=0.63s, max=1.1s)} 0-1

[Event "Stay Safe Play From Home 194"]
[Site "T#646519Emanuel Laske"]
[Date "2020.06.02"]
[Round "5"]
[White "Klausen"]
[Black "Aktürk"]
[Result "1-0"]
[WhiteElo "1774"]
[BlackElo "1474"]
[Annotator "NA RC"]
[PlyCount "63"]
[EventDate "2020.06.02"]
[EventType "swiss (blitz)"]

1. d4 {[%emt 0:00:02]} e6 {[%emt 0:00:00]} 2. Nf3 {[%emt 0:00:02]} Qf6 {[%emt 0:00:00]} 3. c4 {[%emt 0:00:02]} b6 {[%emt 0:00:01]} 4. Nc3 {[%emt 0:00:01]} Bb7 {[%emt 0:00:01]} 5. Bg5 {[%emt 0:00:02]} Qg6 {[%emt 0:00:00]} 6. e3 {[%emt 0:00:03]} Bxf3 {[%emt 0:00:02]} 7. Qxf3 {[%emt 0:00:02]} Nc6 {[%emt 0:00:01]} 8. Bf4 {[%emt 0:00:02]} Bd6 {[%emt 0:00:02]} 9. Bxd6 {[%emt 0:00:02]} cxd6 {[%emt 0:00:00]} 10. Be2 {[%emt 0:00:01]} Qc2 {[%emt 0:00:02]} 11. O-O {[%emt 0:00:02]} Qxb2 {[%emt 0:00:01]} 12. Nb5 {[%emt 0:00:01]} Ke7 {[%emt 0:00:04]} 13. Qg3 {[%emt 0:00:02]} e5 {[%emt 0:00:06]} 14. Qxg7 {[%emt 0:00:02]} Nf6 {[%emt 0:00:04]} 15. Nxd6 {[%emt 0:00:01]} Kxd6 {[%emt 0:00:02]} 16. Qxf6+ {[%emt 0:00:01]} Kc7 {[%emt 0:00:02]} 17. d5 {[%emt 0:00:02]} Nd8 {[%emt 0:00:04]} 18. d6+ {[%emt 0:00:01]} Kc6 {[%emt 0:00:01]} 19. Bf3+ {[%emt 0:00:01]} Kc5 {[%emt 0:00:02]} 20. Bxa8 {[%emt 0:00:01]} Ne6 {[%emt 0:00:00]} 21. f4 {[%emt 0:00:02]} Rg8 {[%emt 0:00:05]} 22. Qxe5+ {[%emt 0:00:04]} Qxe5 {[%emt 0:00:03]} 23. fxe5 {[%emt 0:00:01]} Ng5 {[%emt 0:00:01]} 24. h4 {[%emt 0:00:02]} Nh3+ {[%emt 0:00:01]} 25. Kh2 {[%emt 0:00:01]} Ng5 {[%emt 0:00:02]} 26. hxg5 {[%emt 0:00:01]} Rxg5 {[%emt 0:00:00]} 27. Rxf7 {[%emt 0:00:01]} h5 {[%emt 0:00:00]} 28. Rxd7 {[%emt 0:00:02]} h4 {[%emt 0:00:00]} 29. Rc7+ {[%emt 0:00:01]} Kb4 {[%emt 0:00:03]} 30. d7 {[%emt 0:00:01]} Rg8 {[%emt 0:00:01]} 31. Rc8 {[%emt 0:00:01]} Rxc8 {[%emt 0:00:02]} 32. dxc8=Q {[%emt 0:00:01] Zaman (Lag: Av=0.25s, max=0.8s)} 1-0

[Event "Stay Safe Play From Home 194"]
[Site "T#646519Emanuel Laske"]
[Date "2020.06.02"]
[Round "5"]
[White "Konmos"]
[Black "Bellbox"]
[Result "0-1"]
[WhiteElo "1739"]
[BlackElo "2124"]
[Annotator "TA"]
[PlyCount "20"]
[EventDate "2020.06.02"]
[EventType "swiss (blitz)"]

{[%evp 9,20,-222,-215,-219,-213,-29996,-573,-963,-934,-882,-893,-29998,-29999]} 1. e4 e5 2. f4 Nf6 3. Nc3 d5 4. Nxd5 Nxe4 {[#]} 5. Nc3 $146 ({Predecessor:} 5. d3 Qxd5 6. Qf3 Qa5+ 7. c3 Nf6 8. Bd2 exf4 9. Qxf4 Bd6 10. Qe3+ Be6 11. Be2 O-O {0-1 (31) Goti,J (749)-Borge,S (1266) LSS email 2011}) 5... Qh4+ 6. g3 {[#] C29: Vienna Game: 2...Nf6 3 f4.} Nxg3 $1 {[%mdl 512]} 7. hxg3 $2 (7. Nf3 $19 Qh5 8. hxg3 Qxh1 9. Nxe5) 7... Qxh1 (7... Qxg3+ $142 8. Ke2 Bg4+ {[%mdl 64] Skewer} 9. Nf3 Qxf3+ {[%mdl 64] Double Attack} 10. Ke1 Qg3#) 8. Kf2 Bc5+ 9. Ke1 Qxg1 {[%csl Gc5][%cal Rg1f2]} 10. Ke2 Bg4+ {[%mdl 64] Skewer. Black took control after the opening.} 0-1

[Event "Stay Safe Play From Home 194"]
[Site "T#646519Emanuel Laske"]
[Date "2020.06.02"]
[Round "5"]
[White "Edmatuag"]
[Black "Tobo Rubirosa"]
[Result "1-0"]
[WhiteElo "1642"]
[BlackElo "1521"]
[Annotator "NA RC"]
[PlyCount "75"]
[EventDate "2020.06.02"]
[EventType "swiss (blitz)"]

1. d4 {[%emt 0:00:01]} Nf6 {[%emt 0:00:05]} 2. Nf3 {[%emt 0:00:01]} g6 {[%emt 0:00:01]} 3. c4 {[%emt 0:00:01]} Bg7 {[%emt 0:00:00]} 4. Nc3 {[%emt 0:00:01]} d6 {[%emt 0:00:01]} 5. e3 {[%emt 0:00:01]} O-O {[%emt 0:00:00]} 6. Bd3 {[%emt 0:00:01]} c5 {[%emt 0:00:01]} 7. O-O {[%emt 0:00:00]} b6 {[%emt 0:00:03]} 8. d5 {[%emt 0:00:03]} Nbd7 {[%emt 0:00:01]} 9. Bd2 {[%emt 0:00:01]} a6 {[%emt 0:00:03]} 10. a3 {[%emt 0:00:02]} Rb8 {[%emt 0:00:01]} 11. Rb1 {[%emt 0:00:01]} b5 {[%emt 0:00:01]} 12. cxb5 {[%emt 0:00:01]} axb5 {[%emt 0:00:01]} 13. b4 {[%emt 0:00:01]} Ne5 {[%emt 0:00:01]} 14. Bxb5 {[%emt 0:00:02]} cxb4 {[%emt 0:00:02]} 15. Rxb4 {[%emt 0:00:03]} Nxf3+ {[%emt 0:00:01]} 16. Qxf3 {[%emt 0:00:02]} Bb7 {[%emt 0:00:03]} 17. Bc6 {[%emt 0:00:03]} Bxc6 {[%emt 0:00:01]} 18. dxc6 {[%emt 0:00:00]} Rxb4 {[%emt 0:00:01]} 19. axb4 {[%emt 0:00:01]} Qb6 {[%emt 0:00:01]} 20. b5 {[%emt 0:00:01]} Ne8 {[%emt 0:00:04]} 21. Rb1 {[%emt 0:00:01]} Nc7 {[%emt 0:00:01]} 22. Nd5 {[%emt 0:00:01]} Nxd5 {[%emt 0:00:04]} 23. Qxd5 {[%emt 0:00:00]} Rb8 {[%emt 0:00:02]} 24. Qc4 {[%emt 0:00:06]} Qc5 {[%emt 0:00:02]} 25. Qxc5 {[%emt 0:00:01]} dxc5 {[%emt 0:00:01]} 26. b6 {[%emt 0:00:00]} Be5 {[%emt 0:00:03]} 27. c7 {[%emt 0:00:01]} Bxc7 {[%emt 0:00:01] Tobo Rubirosa ofrece tablas} 28. Ba5 {[%emt 0:00:07]} Bd8 {[%emt 0:00:03]} 29. Kf1 {[%emt 0:00:01]} c4 {[%emt 0:00:01]} 30. Ke2 {[%emt 0:00:01]} c3 {[%emt 0:00:01]} 31. Kd3 {[%emt 0:00:01]} c2 {[%emt 0:00:02]} 32. Kxc2 {[%emt 0:00:01]} Bxb6 {[%emt 0:00:01]} 33. Bxb6 {[%emt 0:00:01]} Kf8 {[%emt 0:00:02]} 34. Kd3 {[%emt 0:00:01]} f5 {[%emt 0:00:01]} 35. Kc4 {[%emt 0:00:01]} Kf7 {[%emt 0:00:00]} 36. Kb5 {[%emt 0:00:01]} Ke6 {[%emt 0:00:00]} 37. Kc6 {[%emt 0:00:01]} Rb7 {[%emt 0:00:02]} 38. Kxb7 {[%emt 0:00:02] Tiempo (Lag: Av=0.86s, max=1.4s)} 1-0

[Event "Stay Safe Play From Home 194"]
[Site "T#646519Emanuel Laske"]
[Date "2020.06.02"]
[Round "6"]
[White "Broken sword"]
[Black "AChessPlayer"]
[Result "1-0"]
[WhiteElo "2547"]
[BlackElo "2381"]
[Annotator "TA"]
[PlyCount "85"]
[EventDate "2020.06.02"]
[EventType "swiss (blitz)"]

{[%evp 14,85,5,0,0,0,0,0,-2,-15,-20,-36,-8,-8,102,-11,33,48,130,128,186,219,194,188,244,233,275,290,312,297,366,378,441,440,481,404,426,414,398,403,525,510,565,554,530,479,487,475,527,514,653,580,586,410,305,295,297,281,811,468,477,461,455,453,859,693,1026,910,981,-1375,2247,2165,7366,1946]} 1. d4 Nf6 2. c3 g6 3. Nf3 Bg7 4. Bf4 d6 5. e3 O-O 6. h3 Nbd7 7. Be2 Re8 8. O-O b6 {A48: 1 d4 Nf6 2 Nf3 g6: Torre, London and Colle Systems.} 9. Bh2 Bb7 10. Nbd2 e5 {The position is equal.} 11. Ne1 {[#]} Qe7 $146 ({Predecessor:} 11... exd4 12. cxd4 Qe7 13. Bf3 Ne4 14. Rc1 Ndf6 15. Qc2 Ba6 16. Nd3 c5 17. dxc5 dxc5 {0-1 (26) Zhuravlev,G (2011)-Zakharov,A Tomsk 2007}) 12. Bf3 e4 13. Be2 c5 {[#]} (13... Bf8 $11) 14. Nc2 (14. Nc4 $1 $16) 14... Rad8 15. a4 a6 {[#]} (15... d5 $14) 16. Nc4 $1 $16 {[%cal Rc4d6]} Nf8 (16... d5 $16) 17. Nxb6 $18 h5 18. Nc4 h4 (18... Ba8 {was worth a try.} 19. Nb6 Qa7) 19. b4 cxd4 20. cxd4 ({Don't take} 20. Nxd4 $6 d5 $18) 20... Nd5 21. Qd2 g5 22. b5 axb5 23. axb5 Ra8 24. Na5 Ng6 25. Nxb7 Qxb7 26. Nb4 Nxb4 27. Qxb4 d5 28. Rxa8 Rxa8 29. Rc1 Bf8 30. Qc3 Ra2 31. Bf1 Qe7 32. Rc2 Ra3 33. Qc6 Qb4 34. Rc1 Qb2 35. Qc2 Qb4 $2 (35... Ra2) 36. Bc7 Rb3 37. b6 Rb2 38. Qd1 Rd2 (38... g4 $142 39. hxg4 h3 40. gxh3 Nh4) 39. Qe1 Qb2 40. Rd1 Rc2 41. Rc1 $4 {[%mdl 8192]} (41. Rb1 $18 Qa3 42. b7 Rxc7 43. b8=Q) 41... Bb4 $4 {[%mdl 8192]} (41... Rxc1 $19 42. Qxc1 Qxc1) 42. Rxc2 Qb1 43. Qe2 {Accuracy: White = 71%, Black = 30%.} 1-0